| 000 | 00637nam a2200241Ia 4500 | ||
|---|---|---|---|
| 003 | OSt | ||
| 005 | 20221005124852.0 | ||
| 006 | a|||||r|||| 00| 0 | ||
| 007 | ta | ||
| 008 | 221004b |||||||| |||| 00| 0 mal d | ||
| 024 | _a58202 | ||
| 037 | _cTextual | ||
| 040 |
_aCRL _cCRL _bmal |
||
| 041 |
_2mal _amal |
||
| 082 | _aO32,6N311x,2, L2 | ||
| 100 | _aSreedharan C. P. Au. | ||
| 245 | 0 | _aNiroopaka drishttiyil | |
| 260 | _c1972 | ||
| 650 |
_a MALAYALAM PROSE _9187524 |
||
| 650 |
_aMALAYALAM LITERATURE _938866 |
||
| 942 |
_hO32,6N311x,2, L2 _cTEXL _2cc |
||
| 999 |
_c1051931 _d1051931 |
||